Đầu tư chứng khoán những vấn đề cốt yếu

Sách trình bày các vấn đề về các hình thức đầu tư, giải thích những lợi thế và bất lợi của đầu tư vào thị trường chứng khoán, công ty hợp danh, hùn vốn, chứng khoán các cổ phần, các cổ phần,......

وصف كامل

محفوظ في:
التفاصيل البيبلوغرافية
المؤلف الرئيسي: Nguyễn, Minh Trí
التنسيق: كتاب
اللغة:Undetermined
منشور في: Hà Nội Lao động - Xã hội 2007
الموضوعات:
الوسوم: إضافة وسم
لا توجد وسوم, كن أول من يضع وسما على هذه التسجيلة!
Thư viện lưu trữ: Trung tâm Học liệu Trường Đại học Cần Thơ
LEADER 00955nam a2200205Ia 4500
001 CTU_142258
008 210402s9999 xx 000 0 und d
020 |c 54000 
082 |a 332.64 
082 |b Tr300 
100 |a Nguyễn, Minh Trí 
245 0 |a Đầu tư chứng khoán những vấn đề cốt yếu 
245 0 |c Nguyễn Minh Trí 
260 |a Hà Nội 
260 |b Lao động - Xã hội 
260 |c 2007 
520 |a Sách trình bày các vấn đề về các hình thức đầu tư, giải thích những lợi thế và bất lợi của đầu tư vào thị trường chứng khoán, công ty hợp danh, hùn vốn, chứng khoán các cổ phần, các cổ phần,... 
650 |a Securities market,Stock market,Thị trường chứng khoán 
904 |i Năm 
980 |a Trung tâm Học liệu Trường Đại học Cần Thơ